Ο ρόλος της ομοσπονδιακής δημοκρατίας της Γερμανίας στο σύγχρονο διεθνές περιβάλλον

Αποθηκεύτηκε σε:
Λεπτομέρειες βιβλιογραφικής εγγραφής
Κύριος συγγραφέας: Ηλιόπουλος, Ηλίας Ι.
Μορφή: Βιβλίο
Γλώσσα:Greek
Δημοσίευση: Αθήνα : ΙΑΑ, 2005
Σειρά:Θέματα πολιτικής και άμυνας ; ; 23
Θέματα:
Ετικέτες: Προσθήκη ετικέτας
Δεν υπάρχουν, Καταχωρήστε ετικέτα πρώτοι!

MARC

LEADER 00000cam a2200000 i 4500
001 1/82249
008 050725s2005 gre d
020 |a 960-8124-40-9 
035 |l 10079475 
040 |a GR-MY-UA  |b gre  |e aacr 
041 0 |a gre 
082 0 |a 333.72  |2 (22) 
100 1 |a Ηλιόπουλος, Ηλίας Ι. . 
245 1 2 |a Ο ρόλος της ομοσπονδιακής δημοκρατίας της Γερμανίας στο σύγχρονο διεθνές περιβάλλον /  |c Ηλίας Ηλιόπουλος 
260 |a Αθήνα :   |b ΙΑΑ,   |c 2005 
300 |a 166 σ.;  |c 22 εκ. 
490 1 |a Θέματα πολιτικής άμυνας  |v ; 23 
504 |a Περιέχει βιβλιογραφικές παραπομπές 
650 0 0 |a Federal government  |z Germany. 
650 0 0 |a Federal government  |z European Economic Community countries. 
650 0 0 |a Economic development  |x Environmental aspects. 
651 0 |a Germany  |x Foreign economic relations. 
830 0 |a Θέματα πολιτικής και άμυνας ;  |v ; 23 
852 |a INST  |b CHIOS  |e 20050808  |h 321.02 ΗΛΙ  |p 005200024797  |q 005200024797  |t BK  |y 0 
852 |a INST  |b RHODES  |e 20050725  |h 333.72 ΗΛΙ  |p 005400022800  |q 005400022800  |t BK  |y 0 
901 |a BIBL4-2005-2 
901 |a BIBL2-2005-2 
909 |a Ρ  |b 121999 
909 |a Χ  |b 119560 
970 |a ΣΙΔΕΡΗ  |b ΝΕΚΤΑΡΙΑ  |z 2005/07/25